书目信息 |
| 题名: |
傅云龙游历各国图经余记
|
|
| 作者: | 傅云龙, 著 ;傅训成 整理 | |
| 分册: | ||
| 出版信息: | 北京 商务印书馆 2016.12 |
|
| 页数: | 12, 19, 226页 | |
| 开本: | 24cm | |
| 丛书名: | 世界著名游记丛书 | |
| 单 册: | ||
| 中图分类: | I265.2 | |
| 科图分类: | ||
| 主题词: | 游记--you ji--作品集--中国--清代 | |
| 电子资源: | ||
| ISBN: | 978-7-5032-5728-5 | |
| 000 | 01070nam 2200277 450 | |
| 001 | CAL 0120141391231 | |
| 005 | 20170622084204.23 | |
| 010 | @a978-7-5032-5728-5@b@dCNY56.00 | |
| 100 | @a20170120d2016 em y0chiy50 ea | |
| 101 | 0 | @achi |
| 102 | @aCN@b110000 | |
| 105 | @ay z 000cy | |
| 106 | @ar | |
| 200 | 1 | @a傅云龙游历各国图经余记@Afu yun long you li ge guo tu jing yu ji@f(清) 傅云龙著@g傅训成整理 |
| 210 | @a北京@c商务印书馆@c中国旅游出版社@d2016.12 | |
| 215 | @a12, 19, 226页@c@d24cm | |
| 225 | 2 | @a世界著名游记丛书@Ashi jie zhu ming you ji cong shu@h第二辑 |
| 330 | @a本书内容包括: 游历日本图经余记前编上、游历日本图经余记前编下、游历美利加图经余记前编上、游历美利加图经余记前编下、游历英属地加纳大图经余记、游历古巴图经余记、游历巴西图经余记等。 | |
| 410 | 0 | @12001 @a世界著名游记丛书@h第二辑 |
| 606 | 0 | @a游记@Ayou ji@x作品集@y中国@z清代 |
| 690 | @aI265.2@v5 | |
| 701 | 0 | @a傅云龙,@Afu yun long@f清代@4著 |
| 702 | 0 | @a傅训成@Afu xun cheng@4整理 |
| 801 | 0 | @aCN@bZHONGJIAO@c20170609@g |
| 905 | @aBZT@dI265.2@e1 | |
| 906 | @dCNY56.00@n3@r1 | |
| 傅云龙游历各国图经余记/(清) 傅云龙著/傅训成整理.-北京:商务印书馆:中国旅游出版社,2016.12 |
| 12, 19, 226页;24cm.-(世界著名游记丛书.第二辑) |
| ISBN 978-7-5032-5728-5:CNY56.00 |
| 本书内容包括: 游历日本图经余记前编上、游历日本图经余记前编下、游历美利加图经余记前编上、游历美利加图经余记前编下、游历英属地加纳大图经余记、游历古巴图经余记、游历巴西图经余记等。 |
| ● |
| 相关链接 |
|
|
|
正题名:傅云龙游历各国图经余记
索取号:I265.2/1
 
预约/预借
| 序号 | 登录号 | 条形码 | 馆藏地/架位号 | 状态 | 备注 |
| 1 | 832685 | 2000832685 | 第一书库/ [索取号:I265.2/1] | 在馆 | |
| 2 | 832686 | 2000832686 | 第一书库/ [索取号:I265.2/1] | 在馆 | |
| 3 | 832687 | 2000832687 | 第一书库/ [索取号:I265.2/1] | 在馆 |